Normal view MARC view

Entry Nombre personal

Number of records used in: 1

001 - NÚMERO DE CONTROL

  • campo de control: 18016

003 - IDENTIFICADOR DE NÚMERO DE CONTROL

  • campo de control: SpMaBN

005 - FECHA Y HORA DE LA ÚLTIMA TRANSACCIÓN

  • campo de control: 20230528191212.0

008 - ELEMENTOS DE DATO DE LONGITUD-FIJA

  • campo de control de longitud fija: 901120nd ainnnaabn a aaa

016 ## - NÚMERO DE CONTROL DE UNA AGENCIA BIBLIOGRÁFICA NACIONAL

  • Número de control del registro: BNE19900167644

024 7# - IDENTIFICADOR DE OTROS ESTÁNDARES

  • Número estándar o código: http://viaf.org/viaf/96995970/
  • Fuente: viaf

024 7# - IDENTIFICADOR DE OTROS ESTÁNDARES

  • Número estándar o código: https://isni.org/isni/0000000081687385
  • Fuente: isni

024 7# - IDENTIFICADOR DE OTROS ESTÁNDARES

  • Número estándar o código: http://www.wikidata.org/entity/Q216954
  • Fuente: wikidata

040 ## - FUENTE DE CATALOGACIÓN

  • Centro catalogador/agencia de origen: SpMaBN
  • Lengua de catalogación: spa
  • Centro/agencia transcriptor: SpMaBN
  • Normas de descripción: rdc
  • Convención/Normas de encabezamiento de materia/tesauro: embne
  • Centro/agencia modificador: ES-MaACL

046 ## - FECHAS CON CODIFICACIÓN ESPECIAL

  • Fecha de nacimiento: 1844
  • Fecha de la muerte: 1921

100 0# - ENCABEZAMIENTO-NOMBRE DE PERSONA

  • Nombre de persona: 'Abdu l-Bahà,
  • Fechas asociadas al nombre: 1844-1921

370 ## - LUGAR ASOCIADO

  • Lugar de nacimiento: Teherán
  • Número de control del registro de autoridad o número normalizado: XX462367
  • Fuente de información: Wikidata

375 ## - GÉNERO/SEXO

  • Género: Masculino
  • Fuente de información: Wikidata

377 ## - IDIOMA ASOCIADO

  • Código del idioma: ara
  • Término de lengua/lenguaje: Árabe

400 0# - TRAZADO DE VÉASE--NOMBRE DE PERSONA

  • Nombre de persona: Abd al-Baha'
  • Fechas asociadas al nombre: 1844-1921

400 0# - TRAZADO DE VÉASE--NOMBRE DE PERSONA

  • Nombre de persona: Abd ul-Baha ibn Baha Ullah
  • Fechas asociadas al nombre: 1844-1921

400 0# - TRAZADO DE VÉASE--NOMBRE DE PERSONA

  • Nombre de persona: Abdu'l-Bahá
  • Fechas asociadas al nombre: 1844-1921

400 0# - TRAZADO DE VÉASE--NOMBRE DE PERSONA

  • Nombre de persona: Abd al-Bahā' b. Bahaā' Allaāh
  • Fechas asociadas al nombre: 1844-1921

400 0# - TRAZADO DE VÉASE--NOMBRE DE PERSONA

  • Nombre de persona: 'Abbás Effendí
  • Fechas asociadas al nombre: 1844-1921

400 0# - TRAZADO DE VÉASE--NOMBRE DE PERSONA

  • Nombre de persona: 'Abdu'l-Ba`á
  • Fechas asociadas al nombre: 1844-1921

400 1# - TRAZADO DE VÉASE--NOMBRE DE PERSONA

  • Nombre de persona: Effendí, 'Abbás
  • Fechas asociadas al nombre: 1844-1921

400 1# - TRAZADO DE VÉASE--NOMBRE DE PERSONA

  • Nombre de persona: Bahà, 'Abdu l
  • Fechas asociadas al nombre: 1844-1921

400 1# - TRAZADO DE VÉASE--NOMBRE DE PERSONA

  • Nombre de persona: Bahà'u'llàh, el Bàb i 'Abdu'l-Bahà
  • Fechas asociadas al nombre: 1844-1921

670 ## - FUENTE DE DATOS ENCONTRADOS

  • Cita de la fuente: La última voluntad y testamento de Abdu'l Bahá..., 1948;

670 ## - FUENTE DE DATOS ENCONTRADOS

  • Cita de la fuente: Recopilació dels escrits de Bahà'u'llàh, el Bàb i 'Abdu'l-Bahà, 1992;

670 ## - FUENTE DE DATOS ENCONTRADOS

  • Cita de la fuente: Voluntad y testamento de 'Abdu'l-Bahá, 2012;
  • Información encontrada: port. ('Abdu'l-Ba`á)

670 ## - FUENTE DE DATOS ENCONTRADOS

  • Cita de la fuente: WWW Wikipedia, 1-3-2013;
  • Información encontrada: (`Abbás Effendí (23 de mayo, 1844 - 28 de noviembre, 1921); conocido como`Abdu'l-Bahá; dirigente del bahaísmo )

670 ## - FUENTE DE DATOS ENCONTRADOS

  • Cita de la fuente: LCSH;
  • Información encontrada: (ʻAbduʼl-Bahá, 1844-1921)

670 ## - FUENTE DE DATOS ENCONTRADOS

  • Cita de la fuente: WWW Bn España aut., 28-5-2023;
  • Información encontrada: ('Abdu l-Bahà, 1844-1921 )

955 ## - CATALOGADOR - EDICIÓN

  • Nombre del catalogador: Julia Mas Vieira